|
|
|
|
| LEADER |
00000nab a2200000ua 4500 |
| 001 |
vtls010824390 |
| 003 |
SK-MaSNL |
| 005 |
20260303172628.0 |
| 008 |
230222s1994 xo |||||||||||||||||slo| |
| 035 |
|
|
|a (urnnbn)urn:nbn:sk:snk:ar-a0658p
|
| 035 |
|
|
|a urn:nbn:sk:snk-ab5qx8
|
| 035 |
|
|
|a (uuid)c0ef1251-50b8-4118-9088-a901a47dd99c
|
| 040 |
|
|
|a SNKBUCL
|b slo
|c SNKBUCL
|e AACR2
|
| 041 |
0 |
|
|a slo
|
| 044 |
|
|
|a xo
|c SK
|
| 100 |
1 |
|
|a Šimon, František,
|d 1949-
|4 aut
|9 107149
|
| 245 |
1 |
0 |
|a Aulus Cornelius Celsus o zuboch
|c František Šimon, Pavlína Šimonová
|
| 700 |
1 |
|
|a Šimonová, Pavlína
|4 aut
|9 1198276
|
| 773 |
0 |
|
|t Stomatológ : časopis Slovenskej komory zubných lekárov
|g Roč. 5, č. 2 (1994), s. 54-55
|
| 954 |
|
|
|a odborná, vedecká literatúra pôvodná (slovenská)
|2 lita
|
| 958 |
|
|
|a OND
|
| 958 |
|
|
|a EUIPO
|
| 958 |
|
|
|a article5
|
| 999 |
|
|
|c 2087513
|d 2089443
|